00459nam a2200109Ia 4500008004100000050002300041100002400064245012000088260008600208300002800294521002700322140724s9999 xx 000 0 und d aTS 155b.R457 2011 aReyes, Romyr Payas. aOnline helpdesk information organizer (OHIO) for Southville International School and Colleges /cRomyr Payas Reyes. aLas Piñas, Philippines :bSouthville International School and Colleges,cc2011. a58 p. :bill. ;c28 cm. aInformation Technology